| 000 | 00000nam 2200000za 4500 |
| 001 | 9.822557 |
| 003 | CaOODSP |
| 005 | 20221107143714 |
| 007 | cr ||||||||||| |
| 008 | 160812s1994 onc||||#o i00| 0 eng d |
| 040 | |aCaOODSP|beng |
| 043 | |an-cn--- |
| 086 | 1 |aE100-2/1-92-1904-01E-PDF |
| 110 | 1 |aCanada.|bBinational Secretariat. |
| 245 | 10|aIn the matter of final determination of dumping made by Revenue Canada, Customs and Excise, regarding certain machine tufted carpeting originating in or exported from the United States of America |h[electronic resource] : |bopinion and panel decision. |
| 246 | 1 |iAt head of title : |aArticle 1904 Binational Panel review under the Canada-United States Free Trade Agreement |
| 246 | 30|aFinal determination of dumping made by Revenue Canada, Customs and Excise, regarding certain machine tufted carpeting originating in or exported from the United States of America |
| 260 | |aOttawa : |b[Binational Secretariat, Canada-United States Free Trade Agreement], |cc1994. |
| 300 | |aIn various pagings. |
| 500 | |aMay 19, 1993. |
| 500 | |aIssued also in French under title: Dans l'affaire de la décision définitive de dumping rendue par Revenu Canada, douanes et accise, se rapportant aux tapis produits sur machines à touffeter, originaires ou exportés des États-Unis d'Amérique: avis et ordonnance du Groupe spécial. |
| 504 | |aIncludes bibliographical references. |
| 692 | 07|2gccst|aFree trade agreements |
| 692 | 07|2gccst|aInternational trade |
| 692 | 07|2gccst|aDumping |
| 775 | 08|tDans l'affaire de la décision définitive de dumping rendue par Revenu Canada, douanes et accise, se rapportant aux tapis produits sur machines à touffeter, originaires ou exportés des États-Unis d'Amérique |w(CaOODSP)9.822560 |
| 856 | 40|qPDF|s6.38 MB|uhttps://publications.gc.ca/collections/collection_2016/alena-sec-nafta/E100-2-1-92-1904-01-eng.pdf |
| 986 | |aCDA-92-1904-01 |